К построению структур организации при разработке АСУ; Известия Томского политехнического института [Известия ТПИ]; Т. 294 : Автоматика и вычислительная техника

Podrobná bibliografie
Parent link:Известия Томского политехнического института [Известия ТПИ]/ Томский политехнический институт (ТПИ).— , 1944-1976
Т. 294 : Автоматика и вычислительная техника.— 1976.— [С. 8-10]
Hlavní autor: Карякин Ю. В. Юрий Васильевич
Shrnutí:Заглавие с титульного листа
Электронная версия печатной публикации
Предлагается ограниченный набор графовых моделей системы управления организацией, описывающих основные стороны ее функционирования: организационную, функциональную и информационную. Выбор типов моделей в виде направленных графов ориентирован на построение комплексной формализованной модели системы управления организацией с целью ее анализа на ЭЦВМ и синтеза АСУ организацией.
Jazyk:ruština
Vydáno: 1976
Témata:
On-line přístup:Черно-белая версия для предварительного просмотра
Цветная версия без потери качества
Médium: MixedMaterials Elektronický zdroj Kapitola
KOHA link:https://koha.lib.tpu.ru/cgi-bin/koha/opac-detail.pl?biblionumber=240051

MARC

LEADER 00000nla2a2200000 4500
001 240051
005 20231031205555.0
035 |a (RuTPU)RU\TPU\book\261299 
035 |a RU\TPU\book\261298 
090 |a 240051 
100 |a 20130618d1976 k y0rusy50 ca 
101 0 |a rus 
102 |a RU 
135 |a drnn ---uucaa 
181 0 |a i  
182 0 |a b 
200 1 |a К построению структур организации при разработке АСУ  |b Электронный ресурс  |f Ю. В. Карякин 
203 |a Текст  |c электронный 
215 |a 2 файла (197 Кб, 4.5 Мб) 
230 |a Электронные текстовые данные (2 файла : 197 Кб, 4.5 Мб) 
300 |a Заглавие с титульного листа 
300 |a Электронная версия печатной публикации 
320 |a [Библиогр.: с. 10 (6 назв.)] 
330 |a Предлагается ограниченный набор графовых моделей системы управления организацией, описывающих основные стороны ее функционирования: организационную, функциональную и информационную. Выбор типов моделей в виде направленных графов ориентирован на построение комплексной формализованной модели системы управления организацией с целью ее анализа на ЭЦВМ и синтеза АСУ организацией. 
337 |a Adobe Reader 
461 1 |0 (RuTPU)RU\TPU\book\200995  |t Известия Томского политехнического института [Известия ТПИ]  |f Томский политехнический институт (ТПИ)  |d 1944-1976 
463 1 |0 (RuTPU)RU\TPU\book\261297  |t Т. 294 : Автоматика и вычислительная техника  |v [С. 8-10]  |d 1976  |p 156 с. 
610 1 |a электронный ресурс 
610 1 |a труды учёных ТПУ 
675 |a 658.012.011.56 (47+57)  |v 3 
700 1 |a Карякин  |b Ю. В.  |c специалист в области организации высшего профессионального образования  |c ведущий эксперт Томского политехнического университета, кандидат технических наук  |f 1939-  |g Юрий Васильевич  |2 stltpush  |3 (RuTPU)RU\TPU\pers\25184 
801 1 |a RU  |b 63413507  |c 20090320  |g PSBO 
801 2 |a RU  |b 63413507  |c 20130627  |g PSBO 
856 4 |u http://www.lib.tpu.ru/fulltext/v/Bulletin_TPU/1976/v294/02_bw.pdf  |z Черно-белая версия для предварительного просмотра 
856 4 |u http://www.lib.tpu.ru/fulltext/v/Bulletin_TPU/1976/v294/02_full.pdf  |z Цветная версия без потери качества 
942 |c CF